[Event "Titled Tuesday intern op 22nd Aug Early"]
[Site "Chess.com INT"]
[Date "2023.08.22"]
[Round "2"]
[White "Hercegovac, Neven"]
[Black "Novozhilov, Semen"]
[Result "0-1"]
[WhiteElo "2103"]
[BlackElo "2301"]
[PlyCount "64"]
[EventDate "2023.08.22"]
[EventType "swiss (blitz)"]
[EventRounds "11"]
[EventCountry "USA"]
[SourceTitle "EXT 2024"]
[Source "ChessBase"]
[SourceDate "2023.10.10"]
[SourceVersion "1"]
[SourceVersionDate "2023.10.10"]
[SourceQuality "1"]

1. d4 Nf6 2. Bf4 e6 3. e3 c5 4. Nf3 cxd4 5. exd4 b6 6. Nc3 Bb7 7. Be2 d6 8. 0-0 Be7 9. Re1 0-0 10. h3 a6 11. Bd3 Nbd7 12. Ne4 Nxe4 13. Bxe4 Bxe4 14. Rxe4 Nf6 15. Re1 Qc7 16. c3 Rac8 17. Qd3 Qb7 18. Bg5 h6 19. Bh4 b5 20. a3 a5 21. Nd2 Rc7 22. Bxf6 Bxf6 23. Ne4 Be7 24. Re3 Qd5 25. Rg3 f5 26. Nd2 e5 27. Re1 e4 28. Qe2 Bh4 29. Rg6 Kh7 30. Qh5 Qf7 31. Qxh4 Qxg6 32. Qf4 Qg5 0-1

[Event "Titled Tuesday intern op 22nd Aug Early"]
[Site "Chess.com INT"]
[Date "2023.08.22"]
[Round "6"]
[White "Javakhadze, Zurab"]
[Black "Novozhilov, Semen"]
[Result "1-0"]
[WhiteElo "2461"]
[BlackElo "2301"]
[PlyCount "33"]
[EventDate "2023.08.22"]
[EventType "swiss (blitz)"]
[EventRounds "11"]
[EventCountry "USA"]
[SourceTitle "EXT 2024"]
[Source "ChessBase"]
[SourceDate "2023.10.10"]
[SourceVersion "1"]
[SourceVersionDate "2023.10.10"]
[SourceQuality "1"]

1. Nf3 Nf6 2. c4 c5 3. Nc3 e6 4. e3 b6 5. d4 cxd4 6. exd4 Bb7 7. Bd3 d5 8. 0-0 Bd6 9. cxd5 Nxd5 10. Ne4 Be7 11. Ne5 0-0 12. a3 Nd7 13. Qh5 Nxe5 14. dxe5 g6 15. Qh6 Nf4 16. Bxf4 Qxd3 17. Nf6+ 1-0

[Event "Titled Tuesday intern op 22nd Aug Early"]
[Site "Chess.com INT"]
[Date "2023.08.22"]
[Round "1"]
[White "Novozhilov, Semen"]
[Black "Svane, Rasmus"]
[Result "0-1"]
[WhiteElo "2301"]
[BlackElo "2631"]
[PlyCount "124"]
[EventDate "2023.08.22"]
[EventType "swiss (blitz)"]
[EventRounds "11"]
[EventCountry "USA"]
[SourceTitle "EXT 2024"]
[Source "ChessBase"]
[SourceDate "2023.10.10"]
[SourceVersion "1"]
[SourceVersionDate "2023.10.10"]
[SourceQuality "1"]

1. d4 Nf6 2. Nf3 d5 3. c4 e6 4. g3 Bd6 5. Bg2 0-0 6. 0-0 Nc6 7. Nc3 dxc4 8. Qa4 e5 9. Qxc4 exd4 10. Nxd4 Nxd4 11. Qxd4 Qe7 12. Bg5 Be5 13. Qe3 h6 14. Bxf6 Bxf6 15. Nd5 Qxe3 16. Nxf6+ gxf6 17. fxe3 Kg7 18. Rf4 Re8 19. Kf2 c6 20. Rd1 Be6 21. b3 Red8 22. Rfd4 Rxd4 23. exd4 f5 24. Ke3 Kf6 25. Rf1 Ke7 26. Rf4 a5 27. Bh3 a4 28. Bxf5 axb3 29. Bxe6 bxa2 30. Bxa2 Rxa2 31. Rh4 b5 32. Rxh6 Rc2 33. Kd3 Rc1 34. Kd2 Rc4 35. Kd3 Rc1 36. Rh5 Rd1+ 37. Kc3 Rf1 38. e4 Rf3+ 39. Kb4 Rd3 40. d5 Rd4+ 41. Kc3 Rxe4 42. dxc6 Rc4+ 43. Kd3 Rxc6 44. Rxb5 Kf6 45. Ke3 Kg6 46. Kf3 f5 47. h4 Rc3+ 48. Kg2 Rc4 49. Rb6+ Kg7 50. h5 Rd4 51. Kh3 Rc4 52. Rg6+ Kf7 53. Ra6 Kg7 54. Ra5 Kf6 55. Ra6+ Kg5 56. h6 Rc7 57. Kg2 Rh7 58. Kf3 Rh8 59. Rb6 Rh7 60. Ra6 Rh8 61. Rb6 Rxh6 62. Ra6 Rxa6 0-1